000 00652nam a2200265Ia 4500
005 20260302114611.0
008 008 260114s9999 xx 000 0 eng d
020 _a9781472546470
037 _aTextbook
040 _aCRL
040 _beng
040 _cCRL
041 _2eng
041 _aeng
084 _qCRL
100 _aC.G. Prado
_9874484
245 0 _aFoucault's Legacy
260 _bBloomsbury
260 _bBloomsbury Academic
260 _c2009
650 _aPhilosophy
856 _uhttps://dx.doi.org/10.5040/9781472546470?locatt=label:secondary_bloomsburyCollections
942 _cEBOOK
999 _c1683154
_d1683154